| 000 | 01399nam a22003497i 4500 | ||
|---|---|---|---|
| 999 |
_c172008 _d172008 |
||
| 003 | PPAK | ||
| 005 | 20190410124224.0 | ||
| 008 | 190409s2017 nyufa||j |||| 00| 1 eng d | ||
| 020 |
_a9780316507547 _cRM33.90 _qpaperback |
||
| 040 |
_aPPAK _beng _cPPAK _erda |
||
| 082 | 0 | 4 |
_223 _a823.92 |
| 090 | 0 | 0 |
_a823.92 _bCHE _dK |
| 100 | 1 | 0 |
_aChesterfield, Sadie, _eauthor. |
| 245 | 1 | 0 |
_aDESPICABLE ME 3 : _bThe Junior Novel / _cAdapted by Sadie Chesterfield |
| 246 | 3 | 0 | _aDespicable me three |
| 250 | _aFirt edition | ||
| 264 | 1 |
_aNew York : _bLittle, Brown and Company, _c2017 |
|
| 264 | 4 | _c©2017 | |
| 300 |
_a133 pages, 8 unnumbered pages of plates : _billustrations (chiefly colour) ; _c19 cm. |
||
| 336 |
_2rdacontent _atext |
||
| 337 |
_2rdamedia _aunmediated |
||
| 338 |
_2rdacarrier _avolume |
||
| 500 | _aBased on the motion picture screenplay written by Cinco Paul and Ken Daurio." | ||
| 520 | _aWhen Gru goes up against supervillain Balthazar Bratt, he and Lucy lose their jobs at the Anti-Villain League. The adventure begins when Gru, Lucy, and the girls meet up with Gru's long-lost twin brother, Dru, in Freedonia. | ||
| 650 | 1 | 0 |
_aTwins _vJuvenile fiction |
| 650 | 2 | 0 |
_aBrothers _vJuvenile fiction |
| 650 | 2 | 0 |
_aSupervillains _vJuvenile fiction |
| 650 | 2 | 0 |
_aChildren's stories _vJuvenile fiction |
| 655 | 7 | _aJuvenile fiction | |
| 655 | 7 | _aAdventure stories | |
| 942 |
_2ddc _cB |
||